Quang phổ Doppler-Free của Xenon trong vùng hồng ngoại gần /

Đã lưu trong:
Bibliografiske detaljer
Hovedforfatter: Trần Bích Ngọc.
Andre forfattere: Mazouffre, Stéphane., Pawelec, Ewa.
Format: Bài viết
Sprog:Vietnamese
Tags: Tilføj Tag
Ingen Tags, Vær først til at tagge denne postø!
Thư viện lưu trữ: Thư viện Trường Đại học Đà Lạt
LEADER 00880nam a2200253 4500
001 DLU120142199
005 ##20121009
040 # # |a DLU  |b vie 
041 # # |a vie 
044 # # |a vn 
100 # # |a Trần Bích Ngọc. 
245 # # |a Quang phổ Doppler-Free của Xenon trong vùng hồng ngoại gần /  |c Trần Bích ngọc, Ewa Pawelec, Stéphane Mazouffre. 
700 # # |a Mazouffre, Stéphane. 
700 # # |a Pawelec, Ewa. 
773 # # |t Tuyển tập các báo cáo hội nghị vật lý toàn quốc lần thứ VI tập I: vật lý lý thuyết, quang học quang phổ  |g 2006, tr. 173-176 
920 # # |a Phòng Tạp chí -- Trung tâm Thông tin - Thư viện Trường Đại học Đà Lạt 
994 # # |a DLU 
900 # # |a True 
911 # # |a Trương Thị Mỹ Lệ 
925 # # |a G 
926 # # |a A 
927 # # |a BB 
980 # # |a Thư viện Trường Đại học Đà Lạt